000 00691nam a22001817i 4500
999 _c23173
_d23173
003 AR-CdUCM
008 250120b20192019 pe||||| |||| 00| 0 spa d
040 _aMUNICIPALIDAD PROVINCIAL DEL CUSCO
_cBIBLIOTECA MUNICIPAL DEL CUSCO
041 _hspa
082 _a869.56 / R63S
_bR63S
100 _aRíos Zamalloa, Jorge
_92949
245 _aLa Sociedad Humana /
260 _aCusco :
_bWaman Puma
_c2019
300 _a61 páginas. :
_c20x15 cm.
505 _aDel comienzo al acabose -- Los años van y vienen -- El traficante de la felicidad -- Los volcanes -- El nómade -- el Civilizado -- La semilla -- La vivencia -- La soledad humana
942 _2ddc
_cLIBROS
945 _apbjr
_d20-01-2025